书目信息 |
| 题名: |
他架起代数与几何的桥梁
|
|
| 作者: | 张艳 , 关科 编著 | |
| 分册: | ||
| 出版信息: | 长春 吉林科学技术出版社 2012 |
|
| 页数: | 118页 | |
| 开本: | 23cm | |
| 丛书名: | 世界五千年科技故事丛书 | |
| 单 册: | ||
| 中图分类: | B565.21 | |
| 科图分类: | ||
| 主题词: | ||
| 电子资源: | ||
| ISBN: | 978-7-5384-6089-6 | |
| 000 | 01003nam0 2200289 450 | |
| 001 | 2337444925 | |
| 005 | 20231129014657.60 | |
| 010 | @a978-7-5384-6089-6@dCNY33.00 | |
| 090 | @aB565@bzy | |
| 100 | @a20140429d2012 em y0chiy50 ea | |
| 101 | 0 | @achi |
| 102 | @aCN@b220000 | |
| 105 | @ay z 000yb | |
| 200 | 1 | @a他架起代数与几何的桥梁@Ata jia qi dai shu yu ji he de qiao liang@e笛卡尔的故事@f张艳,关科编著 |
| 210 | @a长春@c吉林科学技术出版社@d2012 | |
| 215 | @a118页@d23cm | |
| 225 | 2 | @@a世界五千年科技故事丛书 |
| 330 | @a本书内容包括:刻苦学习的少年、回头的浪子、三个梦境的启示、海盗船上的学者、丧女的悲伤、伟大的数学贡献等。 | |
| 410 | 0 | @12001 @a世界五千年科技故事丛书 |
| 517 | 1 | @a笛卡尔的故事@9di ka er de gu shi |
| 600 | 0 | @a笛卡尔@c(Descartes, Rene@f1596-1650)@x生平事迹 |
| 600 | 0 | @a笛卡尔@c(Descartes, Rene@f1596-1650) |
| 690 | @aB565.21@v5 | |
| 701 | 0 | @a张艳@Azhang yan@4编著 |
| 701 | 0 | @a关科@Aguan ke@4编著 |
| 801 | 0 | @aCN@bNLC@c20140429 |
| 905 | @aZUCC@dB565.21@e4 | |
| 他架起代数与几何的桥梁:笛卡尔的故事/张艳,关科编著.-长春:吉林科学技术出版社,2012 |
| 118页;23cm.-(世界五千年科技故事丛书) |
| ISBN 978-7-5384-6089-6:CNY33.00 |
| 本书内容包括:刻苦学习的少年、回头的浪子、三个梦境的启示、海盗船上的学者、丧女的悲伤、伟大的数学贡献等。 |
| ● |
| 相关链接 |
|
|
|
正题名:他架起代数与几何的桥梁
索取号:B565.21/4
 
预约/预借
| 序号 | 登录号 | 条形码 | 馆藏地/架位号 | 状态 | 备注 |
| 1 | 2000990682 | 2000990682 | 第四书库/四2架A面2层1列/ [索取号:B565.21/4] | 在馆 | |
| 2 | 2000990683 | 2000990683 | 第四书库/四2架A面2层1列/ [索取号:B565.21/4] | 在馆 | |
| 3 | 2000990684 | 2000990684 | 第四书库/四2架A面2层1列/ [索取号:B565.21/4] | 在馆 | |
| 4 | 2000990685 | 2000990685 | 培训中心一楼图书角/培训中心东3行9列/ [索取号:B565.21/4] | 在馆 | |
| 5 | 2000990686 | 2000990686 | 培训中心一楼图书角/培训中心东3行9列/ [索取号:B565.21/4] | 在馆 | |
| 6 | 2000990687 | 2000990687 | 培训中心一楼图书角/培训中心东3行9列/ [索取号:B565.21/4] | 在馆 |